000 00442nam a2200181Ia 4500
001 23133
005 20260414150917.0
008 260414t2017||||xx |||||||||||||| ||spa||
041 _aESP
082 _a624.18341
_bH22
100 _aHarmsen, Teodoro E.
_eAUT
245 0 _aDiseño de estructuras de concreto armado
_b
260 _c2017
300 _a965 páginas :
_c24 cm.
650 _a0
654 _aCIC
942 _cLIB
_dJUS
_fJUS
_2ddc
_n
999 _c23133
_d23133